000 00383nam a22001457a 4500
999 _c4494
_d4494
003 GBCCL
005 20241126110519.0
008 180123b xxu||||| |||| 00| 0 eng d
040 _cgbc
100 _aTeng, Philip
_98367
245 _aCrises in the Apostolic Church /
_cPhilip Teng
260 _aBombay:
_bGospel Literature Service,
_c1980
300 _a64 p.;
_c18 cm.
942 _2ddc
_cBK